01597nam a22003734i 4500001000700000003001000007005001700017008004100034017001500075020001500090035001600105040002300121080003100144100004700175245017900222260008600401300002900487336002200516337003000538338002400568490003800592500009200630500003600722500001400758500007200772500003400844650003300878700005200911700004700963710002901010852014101039942002401180999001901204197781ES-ScRBPG20251217063026.0240917s1985 sp a 000 0 glg d aC 848-1984 a8460037703 aRMF 0023976 aRMFbspacES-MaACL a061.22(460.111Ferrol)(091) aLlorca Freire, Guillermo, d1950-924151913aOs ateneos ferroláns na súa historia b: (1879-1880, 1903-1917, 1931-1936) / cGuillermo Llorca Freire ; [versión galega de Anxela Loureiro e Xosé Antonio Ponte Far]. aFerrol : bAteneo Ferrolán, c1985e (Pontedeume (A Coruña) :fLópez Torre) a39 p. : bil. ; c22 cm. 2rdacontentatexto 2rdamediaasin mediación 2rdacarrieravolumen0 aCuadernos Ateneo Ferrolán ; v4 aPublicación relizada baixo o patrocinio da Obra Social da Caixa de Aforros de Galicia aRegistro Provisional. FOLL-DJ-7 aÍndice. aNº monográfico Cadernos Ateneo Ferrolán, año 6, nº 4 (1986) aCubierta tomada como portada. 0aAteneos - zFerrol 9241520 aLoureiro Fernández, Ánxela, d1956-9241521 aPonte Far, José Antonio, d1948-92415222 aAteneo Ferrolán.92041 aES-MaACLcDEPOJjFOLL-DJ-7gDedicatoria Autógrafa del AutorhDonación: Guillermo Llorca FreirexEncuadernación RusticazEn Proceso n0002udccFOLLETOS c197781d197781